[Event "2. BUNDESLIGA MITTE 2017/2018"]
[Site "St. Valentin, Pinggau/Villach/Taufkirchen, Fuerstenfeld, St. Veit"]
[Date "2018.02.09"]
[Round "7"]
[Board "1"]
[White "Korpa, Bence"]
[Black "Horvath, Adam"]
[Result "1/2-1/2"]
[WhiteElo "2499"]
[BlackElo "2486"]
[PlyCount "91"]
[EventDate "2017.10.27"]
[EventType "team"]
[EventRounds "11"]
[EventCountry "AUT"]
[WhiteTeam "SPG Fuerstenfeld/Hartberg"]
[BlackTeam "RbEj Gleisdorf"]

1. d4 Nf6 2. c4 e6 3. g3 Bb4+ 4. Nd2 d5 5. Bg2 O-O 6. Ngf3 dxc4 7. Qc2 a5 8. a3
Be7 9. Nxc4 b5 10. Nce5 Bb7 11. O-O Be4 12. Qb3 Qd5 13. Qxd5 Nxd5 14. Bd2 f6
15. Ng4 Nd7 16. Ne3 N7b6 17. Nxd5 Bxd5 18. Rfc1 Rfc8 19. Be1 a4 20. Bc3 c5 21.
dxc5 Bxc5 22. Bd4 Nc4 23. Bxc5 Rxc5 24. Nd4 Bxg2 25. Kxg2 Rac8 26. Rcb1 e5 27.
Nf5 Kf8 28. b4 Rd5 29. Rc1 Rd2 30. Kf1 Rb2 31. Ne3 Nd2+ 32. Kg1 Rd8 33. Rd1 Ke8
34. Rac1 Nb3 35. Rxd8+ Kxd8 36. Rc2 Rxc2 37. Nxc2 Ke7 38. e4 Nd2 39. f3 g6 40.
Kf2 Nc4 41. g4 h5 42. gxh5 gxh5 43. h4 Kf7 44. Ke2 Ke7 45. Kf2 Kf7 46. Ke2
 1/2-1/2

[Event "2. BUNDESLIGA MITTE 2017/2018"]
[Site "St. Valentin, Pinggau/Villach/Taufkirchen, Fuerstenfeld, St. Veit"]
[Date "2018.02.09"]
[Round "7"]
[Board "2"]
[White "Heinemann, Thies"]
[Black "Freitag, Manfred"]
[Result "1-0"]
[WhiteElo "2508"]
[BlackElo "2374"]
[PlyCount "73"]
[EventDate "2017.10.27"]
[EventType "team"]
[EventRounds "11"]
[EventCountry "AUT"]
[WhiteTeam "RbEj Gleisdorf"]
[BlackTeam "SPG Fuerstenfeld/Hartberg"]

1. e4 e5 2. Nf3 Nc6 3. Bb5 a6 4. Bxc6 dxc6 5. O-O Be6 6. Nxe5 Qd4 7. Nf3 Qxe4
8. Ng5 Qf5 9. Nxe6 fxe6 10. d3 O-O-O 11. Nd2 Nf6 12. Nc4 e5 13. Qe2 e4 14. dxe4
Qxe4 15. Qxe4 Nxe4 16. Be3 Nd6 17. Ne5 Be7 18. Rae1 Bf6 19. Bc1 Rhe8 20. Ng4
Bd4 21. c3 h5 22. Bg5 Rxe1 23. Rxe1 Re8 24. Rxe8+ Nxe8 25. Ne3 Bc5 26. Kf1 Kd7
27. Ke2 Ke6 28. Nd1 Kf5 29. Bd2 Nf6 30. h3 Ne4 31. g4+ hxg4 32. hxg4+ Ke5 33.
f4+ Kd5 34. Be3 b5 35. Kf3 g6 36. b3 Nd6 37. c4+  1-0

[Event "2. BUNDESLIGA MITTE 2017/2018"]
[Site "St. Valentin, Pinggau/Villach/Taufkirchen, Fuerstenfeld, St. Veit"]
[Date "2018.02.09"]
[Round "7"]
[Board "3"]
[White "Poetz, Florian"]
[Black "Frosch, Erich"]
[Result "1-0"]
[WhiteElo "2385"]
[BlackElo "2202"]
[PlyCount "85"]
[EventDate "2017.10.27"]
[EventType "team"]
[EventRounds "11"]
[EventCountry "AUT"]
[WhiteTeam "SPG Fuerstenfeld/Hartberg"]
[BlackTeam "RbEj Gleisdorf"]

1. e4 e5 2. Nf3 Nc6 3. Bb5 a6 4. Ba4 Nf6 5. O-O Be7 6. Re1 b5 7. Bb3 O-O 8. h3
d6 9. c3 Na5 10. Bc2 c5 11. d4 Nc6 12. d5 Nb8 13. a4 b4 14. a5 bxc3 15. bxc3
Ra7 16. Nbd2 g6 17. Nc4 Nh5 18. Bh6 Re8 19. Rb1 Nd7 20. Ba4 Ng7 21. Nfd2 Rf8
22. f4 f6 23. Rf1 exf4 24. Bxf4 Ne5 25. Rb6 h5 26. Bg3 g5 27. Qe2 Nf7 28. Ne3
Ne5 29. Ndc4 Kh7 30. Rb2 Kh6 31. Nb6 Ng6 32. Nxc8 Qxc8 33. Rb6 Ne5 34. Nc4 Nf7
35. Nxd6 Nxd6 36. Bxd6 Bxd6 37. Rxd6 Kh7 38. Rdxf6 Rxf6 39. Rxf6 Rb7 40. e5 c4
41. Qe4+ Kg8 42. Bc2 Qc5+ 43. Kh2  1-0

[Event "2. BUNDESLIGA MITTE 2017/2018"]
[Site "St. Valentin, Pinggau/Villach/Taufkirchen, Fuerstenfeld, St. Veit"]
[Date "2018.02.09"]
[Round "7"]
[Board "4"]
[White "Wegerer, Fred"]
[Black "Kuba, Guenter"]
[Result "1/2-1/2"]
[WhiteElo "2135"]
[BlackElo "2336"]
[PlyCount "67"]
[EventDate "2017.10.27"]
[EventType "team"]
[EventRounds "11"]
[EventCountry "AUT"]
[WhiteTeam "RbEj Gleisdorf"]
[BlackTeam "SPG Fuerstenfeld/Hartberg"]

1. Nf3 Nc6 2. d4 d5 3. e3 Nf6 4. Be2 Bg4 5. h3 Bxf3 6. Bxf3 e5 7. O-O Be7 8. a3
O-O 9. c4 exd4 10. exd4 dxc4 11. Bxc6 bxc6 12. Qe2 c5 13. dxc5 Bxc5 14. Qxc4
Qd5 15. Qc2 Ne4 16. Nc3 Nxc3 17. Qxc3 Rfe8 18. Bf4 Bd4 19. Qc2 c5 20. Rad1 h6
21. b4 Qe4 22. Qd2 Qe2 23. Bd6 Rac8 24. Qxe2 Rxe2 25. bxc5 Bxc5 26. Bxc5 Rxc5
27. Rd8+ Kh7 28. Rd7 Rf5 29. Rxa7 Ra2 30. Ra4 h5 31. h4 Rf6 32. Ra5 g6 33. Ra4
Kg7 34. Ra5  1/2-1/2

[Event "2. BUNDESLIGA MITTE 2017/2018"]
[Site "St. Valentin, Pinggau/Villach/Taufkirchen, Fuerstenfeld, St. Veit"]
[Date "2018.02.09"]
[Round "7"]
[Board "5"]
[White "Csonka, Attila"]
[Black "Manhardt, Thomas"]
[Result "1-0"]
[WhiteElo "2378"]
[BlackElo "2220"]
[PlyCount "105"]
[EventDate "2017.10.27"]
[EventType "team"]
[EventRounds "11"]
[EventCountry "AUT"]
[WhiteTeam "SPG Fuerstenfeld/Hartberg"]
[BlackTeam "RbEj Gleisdorf"]

1. e4 c5 2. Nf3 Nc6 3. d4 cxd4 4. Nxd4 Nf6 5. Nc3 e5 6. Ndb5 d6 7. Bg5 a6 8.
Na3 b5 9. Nd5 Be7 10. Bxf6 Bxf6 11. c4 b4 12. Nc2 a5 13. g3 O-O 14. Bg2 Bg5 15.
O-O Rb8 16. b3 Bh6 17. Qd3 Be6 18. Rad1 Qd7 19. Nde3 Bxe3 20. Qxe3 Rfd8 21. Rd3
Qc7 22. Rfd1 Rd7 23. f4 f5 24. Bh3 Rf8 25. Qd2 Rdf7 26. Rxd6 Nd4 27. Nxd4 Qxd6
28. Nxe6 Qxe6 29. Bxf5 Qb6+ 30. Qf2 Qxf2+ 31. Kxf2 Kh8 32. fxe5 g6 33. g4 gxf5
34. gxf5 a4 35. Ke3 axb3 36. axb3 Ra7 37. e6 Kg7 38. Kf4 Re8 39. e5 Kf8 40. Rd7
Re7 41. Rd6 Ra3 42. Kg5 Rxb3 43. Kf6 Re8 44. Rb6 Rb2 45. Rb7 Rxh2 46. Rxb4 Rc2
47. Rb7 Kg8 48. Rg7+ Kh8 49. Kf7 Rxc4 50. Kxe8 Kxg7 51. f6+ Kg6 52. e7 Ra4 53.
Kf8  1-0

[Event "2. BUNDESLIGA MITTE 2017/2018"]
[Site "St. Valentin, Pinggau/Villach/Taufkirchen, Fuerstenfeld, St. Veit"]
[Date "2018.02.09"]
[Round "7"]
[Board "6"]
[White "Wanderer, Thomas"]
[Black "Toelly, Michael"]
[Result "1/2-1/2"]
[WhiteElo "2213"]
[BlackElo "2097"]
[PlyCount "78"]
[EventDate "2017.10.27"]
[EventType "team"]
[EventRounds "11"]
[EventCountry "AUT"]
[WhiteTeam "RbEj Gleisdorf"]
[BlackTeam "SPG Fuerstenfeld/Hartberg"]

1. e4 e5 2. Bc4 Nf6 3. d3 Bc5 4. Nc3 O-O 5. f4 d5 6. Nxd5 Nxd5 7. Bxd5 Bxg1 8.
Rxg1 Qh4+ 9. g3 Qxh2 10. Be3 c6 11. Bb3 Be6 12. f5 Bxb3 13. axb3 Nd7 14. Rc1 g5
15. Qf3 Qh6 16. Rh1 Qg7 17. Rh5 f6 18. Ke2 Rf7 19. Rch1 Qf8 20. Rh6 Qg7 21.
R1h5 Qf8 22. Qg4 Rg7 23. Qh3 Qe7 24. Rg6 Nf8 25. Rxg7+ Kxg7 26. Qg4 Nd7 27. Rh1
a5 28. Qh3 Kg8 29. Ra1 b6 30. Qh6 c5 31. Bd2 Rd8 32. Rh1 Qg7 33. Qh5 Nb8 34.
Qg4 h6 35. Rh5 Nc6 36. Bc3 Kh7 37. Qh3 Rd7 38. g4 Rd8 39. Qh1 Rh8  1/2-1/2

[Event "2. BUNDESLIGA MITTE 2017/2018"]
[Site "St. Valentin, Pinggau/Villach/Taufkirchen, Fuerstenfeld, St. Veit"]
[Date "2018.02.09"]
[Round "7"]
[Board "1"]
[White "Pilaj, Herwig"]
[Black "Menezes, Christoph"]
[Result "0-1"]
[WhiteElo "2346"]
[BlackElo "2404"]
[PlyCount "78"]
[EventDate "2017.10.27"]
[EventType "team"]
[EventRounds "11"]
[EventCountry "AUT"]
[WhiteTeam "SC DieKlagenfurter"]
[BlackTeam "UNION Ansfelden"]

1. Nf3 Nf6 2. b3 d5 3. Bb2 e6 4. e3 Be7 5. Rg1 h5 6. h3 h4 7. Nc3 c5 8. Bb5+
Kf8 9. Bd3 Nc6 10. Ne2 Ne4 11. Bxe4 dxe4 12. Ne5 Nxe5 13. Bxe5 b6 14. Nf4 Bf6
15. Bxf6 Qxf6 16. Ne2 Qe5 17. a4 Ba6 18. Ra2 Qh2 19. Qa1 c4 20. b4 c3 21. b5
cxd2+ 22. Kxd2 Rd8+ 23. Nd4 e5 24. bxa6 exd4 25. exd4 Rh6 26. c3 Qf4+ 27. Ke2
Rf6 28. Rf1 Qc7 29. Rd2 Qc4+ 30. Ke3 Qxa6 31. Rb1 Qc4 32. Rb5 Rc8 33. Rh5 Kg8
34. Rxh4 Qb3 35. Rxe4 Rxc3+ 36. Ke2 Qc4+ 37. Kd1 Rc6 38. Re8+ Kh7 39. Qb1+ g6
 0-1

[Event "2. BUNDESLIGA MITTE 2017/2018"]
[Site "St. Valentin, Pinggau/Villach/Taufkirchen, Fuerstenfeld, St. Veit"]
[Date "2018.02.09"]
[Round "7"]
[Board "2"]
[White "Felsberger, Alfred"]
[Black "Singer, Hans"]
[Result "1-0"]
[WhiteElo "2336"]
[BlackElo "2175"]
[PlyCount "103"]
[EventDate "2017.10.27"]
[EventType "team"]
[EventRounds "11"]
[EventCountry "AUT"]
[WhiteTeam "UNION Ansfelden"]
[BlackTeam "SC DieKlagenfurter"]

1. e4 e5 2. Nf3 Nc6 3. Bc4 Bc5 4. O-O Nf6 5. d3 d6 6. c3 Bb6 7. Bb3 Qe7 8. Nbd2
a6 9. Re1 Ba7 10. Nf1 O-O 11. Ng3 Kh8 12. h3 Ng8 13. d4 g6 14. Be3 f6 15. Bd5
Nd8 16. b4 Ne6 17. Qd2 c6 18. Bb3 Nc7 19. Rad1 Be6 20. c4 exd4 21. Nxd4 Bf7 22.
Bf4 Rfd8 23. Nf3 Ne8 24. Qb2 Ng7 25. Qd2 Ne8 26. Qc3 Ng7 27. Qd3 Ne8 28. Nf1 a5
29. a3 axb4 30. axb4 Bb6 31. Qc2 Qf8 32. Bd2 Ne7 33. Ne3 Be6 34. Bc3 Ng7 35.
Qb2 Ng8 36. Ng4 Bxg4 37. hxg4 c5 38. g5 cxb4 39. Bxb4 h6 40. gxf6 Nxf6 41. e5
Ng4 42. Rd2 Bc5 43. Bxc5 dxc5 44. Rxd8 Rxd8 45. Bc2 Ne6 46. Bxg6 Qg7 47. Bf5
Nd4 48. Bxg4 Qxg4 49. Nxd4 cxd4 50. e6 Re8 51. Qxb7 d3 52. Qd5  1-0

[Event "2. BUNDESLIGA MITTE 2017/2018"]
[Site "St. Valentin, Pinggau/Villach/Taufkirchen, Fuerstenfeld, St. Veit"]
[Date "2018.02.09"]
[Round "7"]
[Board "3"]
[White "Genser, Harald"]
[Black "Weiss, Christian"]
[Result "1/2-1/2"]
[WhiteElo "2296"]
[BlackElo "2378"]
[PlyCount "69"]
[EventDate "2017.10.27"]
[EventType "team"]
[EventRounds "11"]
[EventCountry "AUT"]
[WhiteTeam "SC DieKlagenfurter"]
[BlackTeam "UNION Ansfelden"]

1. d4 Nf6 2. Bf4 e6 3. e3 b6 4. Nd2 Bb7 5. h3 Bd6 6. Bxd6 cxd6 7. Ngf3 O-O 8.
Be2 d5 9. O-O Qe7 10. a4 Nc6 11. Nb3 a6 12. a5 b5 13. Nfd2 d6 14. Bf3 Rac8 15.
c3 Nd7 16. e4 dxe4 17. Nxe4 Nd8 18. Re1 Bxe4 19. Bxe4 g6 20. Nd2 Qf6 21. Bf3 d5
22. Re3 Nb7 23. b4 Nd6 24. Nb3 Nc4 25. Re2 Rfd8 26. Qe1 Kg7 27. Rd1 h5 28. Nc5
Nxc5 29. dxc5 Rd7 30. Ra2 Ne5 31. Be2 Nc6 32. Bf3 Ne5 33. Be2 Nc6 34. Bf3 Ne5
35. Be2  1/2-1/2

[Event "2. BUNDESLIGA MITTE 2017/2018"]
[Site "St. Valentin, Pinggau/Villach/Taufkirchen, Fuerstenfeld, St. Veit"]
[Date "2018.02.09"]
[Round "7"]
[Board "4"]
[White "Knoll, Hermann"]
[Black "Petschar, Kurt"]
[Result "1/2-1/2"]
[WhiteElo "2333"]
[BlackElo "2269"]
[PlyCount "66"]
[EventDate "2017.10.27"]
[EventType "team"]
[EventRounds "11"]
[EventCountry "AUT"]
[WhiteTeam "UNION Ansfelden"]
[BlackTeam "SC DieKlagenfurter"]

1. Nf3 d5 2. c3 Nf6 3. d4 Bg4 4. Bf4 Nbd7 5. Qb3 Bxf3 6. gxf3 Nb6 7. a4 a5 8.
e4 c6 9. Nd2 e6 10. Bd3 Be7 11. Rg1 g6 12. Bh6 Qc7 13. O-O-O Nh5 14. Kb1 Bd6
15. Rg4 Bf8 16. Be3 Be7 17. Rc1 O-O 18. c4 dxc4 19. Nxc4 Nxc4 20. Bxc4 Rab8 21.
Rgg1 Qd7 22. Qb6 Qd8 23. Qxd8 Rfxd8 24. Rgd1 Bd6 25. h3 Bf4 26. Bb3 Bxe3 27.
fxe3 Nf6 28. Rc5 Ra8 29. Rdc1 Nd7 30. R5c3 Nf6 31. Bc2 Re8 32. Rb3 Ra7 33. Rd3
Rd8  1/2-1/2

[Event "2. BUNDESLIGA MITTE 2017/2018"]
[Site "St. Valentin, Pinggau/Villach/Taufkirchen, Fuerstenfeld, St. Veit"]
[Date "2018.02.09"]
[Round "7"]
[Board "5"]
[White "Titz, Heimo"]
[Black "Ennsberger, Ulrich"]
[Result "0-1"]
[WhiteElo "2137"]
[BlackElo "2267"]
[PlyCount "96"]
[EventDate "2017.10.27"]
[EventType "team"]
[EventRounds "11"]
[EventCountry "AUT"]
[WhiteTeam "SC DieKlagenfurter"]
[BlackTeam "UNION Ansfelden"]

1. c4 e5 2. g3 Nf6 3. Bg2 c6 4. d4 exd4 5. Qxd4 d5 6. cxd5 cxd5 7. Nf3 Nc6 8.
Qa4 Be7 9. O-O O-O 10. Nc3 Qb6 11. Qb5 d4 12. Qxb6 axb6 13. Nb5 Rd8 14. e3 dxe3
15. Bxe3 Nd5 16. Bg5 Bxg5 17. Nxg5 Ra5 18. a4 Bg4 19. Bf3 Bxf3 20. Nxf3 Ndb4
21. Nc3 Rd3 22. Kg2 g5 23. Rad1 h6 24. h3 Rf5 25. Rxd3 Nxd3 26. b3 Kf8 27. Rd1
Nxf2 28. Rd5 Rxd5 29. Nxd5 Nd3 30. Nxb6 Ke7 31. Nd2 Kd6 32. Kf3 f5 33. Ke3 Nde5
34. Nbc4+ Kc5 35. Nb2 Nb4 36. Nbc4 Nc2+ 37. Ke2 Nxc4 38. Nxc4 Nd4+ 39. Kd3 Nxb3
40. Ne5 Kd5 41. Nf7 Nc5+ 42. Ke3 Nxa4 43. Nxh6 Ke6 44. Kd4 Nb6 45. g4 fxg4 46.
hxg4 Nd5 47. Kc5 Ne7 48. Kd4 Kf6  0-1

[Event "2. BUNDESLIGA MITTE 2017/2018"]
[Site "St. Valentin, Pinggau/Villach/Taufkirchen, Fuerstenfeld, St. Veit"]
[Date "2018.02.09"]
[Round "7"]
[Board "6"]
[White "Mostbauer, Florian"]
[Black "Waldmann, Gerald"]
[Result "1-0"]
[WhiteElo "2307"]
[BlackElo "2122"]
[PlyCount "85"]
[EventDate "2017.10.27"]
[EventType "team"]
[EventRounds "11"]
[EventCountry "AUT"]
[WhiteTeam "UNION Ansfelden"]
[BlackTeam "SC DieKlagenfurter"]

1. d4 d5 2. Bf4 c5 3. e3 Nf6 4. c3 Nc6 5. Nd2 Bf5 6. Qb3 Qb6 7. dxc5 Qxb3 8.
axb3 e5 9. Bg3 Bxc5 10. Ngf3 Nd7 11. b4 Bd6 12. Nd4 Nxd4 13. exd4 O-O 14. Bb5
Rfe8 15. O-O a6 16. Bxd7 Bxd7 17. Rfe1 f6 18. Re3 Re6 19. dxe5 fxe5 20. Nf3
Rae8 21. Rd1 Bc6 22. Rde1 e4 23. Nd4 Bxg3 24. Nxe6 Bxf2+ 25. Kxf2 Rxe6 26. Rg3
Bb5 27. Ke3 Bc4 28. Rg4 Kf7 29. Rd1 h6 30. Rf4+ Ke7 31. Rd2 Kd6 32. Rf7 Rg6 33.
Rxb7 Kc6 34. Rb8 Kc7 35. Rf8 Kc6 36. Rff2 Kb5 37. Rd1 Re6 38. Ra1 Bd3 39. b3
Kc6 40. Ra5 Kd6 41. Rf5 Bb5 42. Kd4 e3 43. Rxd5+  1-0

[Event "2. BUNDESLIGA MITTE 2017/2018"]
[Site "St. Valentin, Pinggau/Villach/Taufkirchen, Fuerstenfeld, St. Veit"]
[Date "2018.02.09"]
[Round "7"]
[Board "1"]
[White "Nemeth, Miklos"]
[Black "Berczes, David"]
[Result "1/2-1/2"]
[WhiteElo "2494"]
[BlackElo "2499"]
[PlyCount "61"]
[EventDate "2017.10.27"]
[EventType "team"]
[EventRounds "11"]
[EventCountry "AUT"]
[WhiteTeam "SV Steyregg"]
[BlackTeam "Leoben"]

1. e4 e5 2. Nf3 Nc6 3. Nc3 Nf6 4. d4 exd4 5. Nxd4 Bb4 6. Nxc6 bxc6 7. Bd3 d5 8.
exd5 O-O 9. O-O cxd5 10. h3 c6 11. Qf3 Bd6 12. Bg5 h6 13. Bxf6 Qxf6 14. Qxf6
gxf6 15. Ne2 Be6 16. Nd4 c5 17. Nf5 Bxf5 18. Bxf5 Rfe8 19. Rfe1 Re5 20. Bg4 Rb8
21. b3 Rbe8 22. Kf1 Bc7 23. Rad1 d4 24. Bf5 Ba5 25. Rxe5 Rxe5 26. Bd3 Kf8 27.
Be2 Bc3 28. f4 Re4 29. g3 Re3 30. Rd3 Re6 31. Bd1  1/2-1/2

[Event "2. BUNDESLIGA MITTE 2017/2018"]
[Site "St. Valentin, Pinggau/Villach/Taufkirchen, Fuerstenfeld, St. Veit"]
[Date "2018.02.09"]
[Round "7"]
[Board "2"]
[White "Baumegger, Siegfried"]
[Black "Kovacs, Gabor"]
[Result "1/2-1/2"]
[WhiteElo "2443"]
[BlackElo "2457"]
[PlyCount "64"]
[EventDate "2017.10.27"]
[EventType "team"]
[EventRounds "11"]
[EventCountry "AUT"]
[WhiteTeam "Leoben"]
[BlackTeam "SV Steyregg"]

1. d4 d5 2. c4 e6 3. Nc3 Be7 4. cxd5 exd5 5. Bf4 c6 6. e3 Bd6 7. Bxd6 Qxd6 8.
Bd3 Ne7 9. Qc2 Bg4 10. Nge2 Bxe2 11. Qxe2 Nd7 12. O-O O-O 13. Rab1 a5 14. a3
Rfe8 15. Rfc1 g6 16. Qc2 Ra7 17. b4 b6 18. bxa5 Rxa5 19. a4 Rea8 20. g3 c5 21.
Bb5 cxd4 22. exd4 Nf8 23. Bd3 Ne6 24. Qb3 Nxd4 25. Qxb6 Qxb6 26. Rxb6 Rc5 27.
Rbb1 Rac8 28. Na2 Rxc1+ 29. Rxc1 Ra8 30. Nc3 Rc8 31. Na2 Ra8 32. Nc3 Rc8
 1/2-1/2

[Event "2. BUNDESLIGA MITTE 2017/2018"]
[Site "St. Valentin, Pinggau/Villach/Taufkirchen, Fuerstenfeld, St. Veit"]
[Date "2018.02.09"]
[Round "7"]
[Board "3"]
[White "Enoeckl, Philipp"]
[Black "Horvath, Peter"]
[Result "0-1"]
[WhiteElo "2298"]
[BlackElo "2421"]
[PlyCount "42"]
[EventDate "2017.10.27"]
[EventType "team"]
[EventRounds "11"]
[EventCountry "AUT"]
[WhiteTeam "SV Steyregg"]
[BlackTeam "Leoben"]

1. b3 d5 2. Bb2 Nf6 3. e3 Bg4 4. f3 Bf5 5. f4 g6 6. Nf3 Bg7 7. d3 O-O 8. Qe2 c5
9. Nbd2 Qa5 10. g3 c4 11. dxc4 dxc4 12. Qxc4 Rc8 13. b4 Rxc4 14. bxa5 Rxc2 15.
Bd4 Nc6 16. a6 bxa6 17. Bg2 Rb8 18. Ke2 Nxd4+ 19. exd4 Ne4 20. Rhc1 Nxd2 21.
Nxd2 Rxd2+  0-1

[Event "2. BUNDESLIGA MITTE 2017/2018"]
[Site "St. Valentin, Pinggau/Villach/Taufkirchen, Fuerstenfeld, St. Veit"]
[Date "2018.02.09"]
[Round "7"]
[Board "4"]
[White "Dietmayer-Kraeutler, Marco"]
[Black "Pierecker, Markus"]
[Result "1/2-1/2"]
[WhiteElo "2317"]
[BlackElo "2204"]
[PlyCount "63"]
[EventDate "2017.10.27"]
[EventType "team"]
[EventRounds "11"]
[EventCountry "AUT"]
[WhiteTeam "Leoben"]
[BlackTeam "SV Steyregg"]

1. d4 d5 2. c4 c6 3. Nf3 Nf6 4. Nc3 e6 5. Bg5 dxc4 6. e4 b5 7. e5 h6 8. Bh4 g5
9. Nxg5 hxg5 10. Bxg5 Nbd7 11. g3 Qb6 12. exf6 c5 13. d5 Bb7 14. Bg2 O-O-O 15.
O-O b4 16. Na4 Qb5 17. dxe6 Bxg2 18. e7 Bxf1 19. Qd6 Bh6 20. exd8=Q+ Kxd8 21.
Rxf1 Qxa4 22. Rd1 Kc8 23. b3 cxb3 24. axb3 Qb5 25. Bxh6 Rxh6 26. Qe7 Rxf6 27.
Rxd7 Qxd7 28. Qxf6 Qd1+ 29. Kg2 Qxb3 30. Qc6+ Kb8 31. Qb5+ Kc7 32. Qxc5+
 1/2-1/2

[Event "2. BUNDESLIGA MITTE 2017/2018"]
[Site "St. Valentin, Pinggau/Villach/Taufkirchen, Fuerstenfeld, St. Veit"]
[Date "2018.02.09"]
[Round "7"]
[Board "5"]
[White "Wiesinger, Robert"]
[Black "Sandner, Wolfgang"]
[Result "0-1"]
[WhiteElo "2201"]
[BlackElo "2259"]
[PlyCount "72"]
[EventDate "2017.10.27"]
[EventType "team"]
[EventRounds "11"]
[EventCountry "AUT"]
[WhiteTeam "SV Steyregg"]
[BlackTeam "Leoben"]

1. e4 c6 2. d4 d5 3. Nd2 dxe4 4. Nxe4 Bf5 5. Ng3 Bg6 6. h4 h6 7. Nf3 Nd7 8. h5
Bh7 9. Bd3 Bxd3 10. Qxd3 e6 11. Bd2 Qc7 12. O-O-O Ngf6 13. Ne4 Nxe4 14. Qxe4
Nf6 15. Qe2 O-O-O 16. g3 Bd6 17. Kb1 Nd7 18. c4 c5 19. Bc3 Rhg8 20. Rd2 a6 21.
d5 Rde8 22. dxe6 Rxe6 23. Qd3 Ne5 24. Nxe5 Bxe5 25. Rhd1 Bxc3 26. Qxc3 Qe5 27.
Qa5 Kb8 28. Rd7 Rc8 29. Rxf7 Qe4+ 30. Ka1 Qxc4 31. Qc3 Qe2 32. Rc1 Rb6 33. Rxg7
Rd8 34. Rg6 Rb5 35. f4 Rd4 36. Re1 Rd1+  0-1

[Event "2. BUNDESLIGA MITTE 2017/2018"]
[Site "St. Valentin, Pinggau/Villach/Taufkirchen, Fuerstenfeld, St. Veit"]
[Date "2018.02.09"]
[Round "7"]
[Board "6"]
[White "Koelber, Daniel"]
[Black "Meyer, Gordon"]
[Result "1/2-1/2"]
[WhiteElo "2049"]
[BlackElo "2182"]
[PlyCount "114"]
[EventDate "2017.10.27"]
[EventType "team"]
[EventRounds "11"]
[EventCountry "AUT"]
[WhiteTeam "Leoben"]
[BlackTeam "SV Steyregg"]

1. e4 g6 2. d4 Bg7 3. Nc3 c6 4. f4 d6 5. Nf3 Bg4 6. Be3 e6 7. Bd3 Bxf3 8. Qxf3
Qb6 9. Ne2 d5 10. e5 f5 11. O-O Ne7 12. Rab1 a5 13. Bf2 O-O 14. h4 h5 15. Rfc1
Na6 16. a3 Rfe8 17. b4 axb4 18. axb4 Nc7 19. Nc3 Ra3 20. Ne2 Bh6 21. Qe3 Rea8
22. Qd2 Nb5 23. g3 Bf8 24. Kg2 Kg7 25. Rb2 Ra1 26. Rxa1 Rxa1 27. Nc3 Nc8 28.
Ne2 Na3 29. b5 cxb5 30. Qc3 Nc4 31. Rxb5 Qxb5 32. Qxa1 Qa6 33. Qb1 b5 34. Be1
Na7 35. Bb4 Nc6 36. Bxf8+ Kxf8 37. Qb3 Ne3+ 38. Kf3 Nc4 39. Kf2 b4 40. c3 Qb5
41. cxb4 Qxb4 42. Qxb4+ Nxb4 43. Nc1 Nb2 44. Bb5 Nd1+ 45. Kf3 Nc3 46. Bd3 Ke7
47. Ke3 Nd1+ 48. Ke2 Nc3+ 49. Ke3 Ne4 50. Ne2 Kd8 51. Bb5 Nc2+ 52. Kd3 Ne1+ 53.
Ke3 Nc2+ 54. Kd3 Nb4+ 55. Ke3 Ke7 56. Ba4 Na6 57. Bb3 Nb4  1/2-1/2

[Event "2. BUNDESLIGA MITTE 2017/2018"]
[Site "St. Valentin, Pinggau/Villach/Taufkirchen, Fuerstenfeld, St. Veit"]
[Date "2018.02.09"]
[Round "7"]
[Board "1"]
[White "Gonda, Laszlo"]
[Black "Perunovic, Milos"]
[Result "1/2-1/2"]
[WhiteElo "2510"]
[BlackElo "2596"]
[PlyCount "60"]
[EventDate "2017.10.27"]
[EventType "team"]
[EventRounds "11"]
[EventCountry "AUT"]
[WhiteTeam "ASK St. Valentin"]
[BlackTeam "SPG Sparkasse Pinggau-Friedberg"]

1. Nf3 c5 2. c4 Nc6 3. g3 e5 4. Nc3 g6 5. Bg2 Bg7 6. O-O d6 7. a3 a5 8. d3 Nge7
9. Bd2 O-O 10. Rb1 h6 11. Qa4 Be6 12. Rfc1 Nd4 13. Qd1 a4 14. Nxd4 exd4 15.
Nxa4 Bd7 16. b3 Ra7 17. Ra1 g5 18. Nb2 f5 19. f4 Ng6 20. b4 gxf4 21. gxf4 Be6
22. Qe1 Nh4 23. Bh1 Kh7 24. h3 b6 25. a4 cxb4 26. Bxb4 Re8 27. Bc6 Bd7 28. Bd5
Be6 29. Bc6 Bd7 30. Bd5 Be6  1/2-1/2

[Event "2. BUNDESLIGA MITTE 2017/2018"]
[Site "St. Valentin, Pinggau/Villach/Taufkirchen, Fuerstenfeld, St. Veit"]
[Date "2018.02.09"]
[Round "7"]
[Board "2"]
[White "Ftacnik, Lubomir"]
[Black "Sandhoefner, Florian"]
[Result "1/2-1/2"]
[WhiteElo "2520"]
[BlackElo "2313"]
[PlyCount "60"]
[EventDate "2017.10.27"]
[EventType "team"]
[EventRounds "11"]
[EventCountry "AUT"]
[WhiteTeam "SPG Sparkasse Pinggau-Friedberg"]
[BlackTeam "ASK St. Valentin"]

1. Nf3 Nf6 2. c4 c6 3. Nc3 d5 4. e3 a6 5. b3 Bf5 6. Bb2 e6 7. Be2 h6 8. O-O Be7
9. d4 O-O 10. Bd3 Nbd7 11. Bxf5 exf5 12. cxd5 Nxd5 13. Qd3 g6 14. Rfc1 Nxc3 15.
Qxc3 Nf6 16. Ne5 Qd5 17. f3 Bd6 18. Rc2 Rfe8 19. Re1 Re6 20. Rce2 Qb5 21. a4
Qb4 22. Nd3 Qxc3 23. Bxc3 Rae8 24. Bb4 Bxb4 25. Nxb4 Nd5 26. Nxd5 cxd5 27. Kf2
Rc6 28. a5 Rc3 29. Rb1 Kf8 30. b4 Rec8  1/2-1/2

[Event "2. BUNDESLIGA MITTE 2017/2018"]
[Site "St. Valentin, Pinggau/Villach/Taufkirchen, Fuerstenfeld, St. Veit"]
[Date "2018.02.09"]
[Round "7"]
[Board "3"]
[White "Hajnal, Zoltan"]
[Black "Milanovic, Danilo"]
[Result "1/2-1/2"]
[WhiteElo "2390"]
[BlackElo "2488"]
[PlyCount "90"]
[EventDate "2017.10.27"]
[EventType "team"]
[EventRounds "11"]
[EventCountry "AUT"]
[WhiteTeam "ASK St. Valentin"]
[BlackTeam "SPG Sparkasse Pinggau-Friedberg"]

1. e4 d5 2. exd5 Qxd5 3. Nc3 Qd6 4. d4 Nf6 5. Nf3 c6 6. h3 Bf5 7. Ne5 Nbd7 8.
Nc4 Qc7 9. Qf3 Be6 10. Bf4 Qd8 11. O-O-O Bxc4 12. Bxc4 Nb6 13. Bb3 e6 14. Ne4
Nxe4 15. Qxe4 Be7 16. h4 a5 17. a4 Nd5 18. Be5 O-O 19. g4 b5 20. c3 Qd7 21.
Rdg1 f6 22. Bg3 bxa4 23. Bxa4 Bd6 24. Bxc6 Bf4+ 25. Bxf4 Qxc6 26. Re1 Ra6 27.
Bd2 Rb8 28. Re2 a4 29. Rh3 Rab6 30. Kd1 Rxb2 31. Qxe6+ Qxe6 32. Rxe6 a3 33. c4
a2 34. Ra3 Rb1+ 35. Ke2 a1=Q 36. Rxa1 Rxa1 37. cxd5 Kf7 38. Rc6 Rb7 39. Kf3 Rd7
40. Ke4 Re7+ 41. Kf4 Rd1 42. Be3 Rd7 43. Ke4 Re7+ 44. Kf3 Rd7 45. Ke4 Re7+
 1/2-1/2